Electricity pricing : engineering principles and methodologies (Record no. 11017)

000 -LEADER
fixed length control field 00442 a2200157 4500
020 ## - INTERNATIONAL STANDARD BOOK NUMBER
International Standard Book Number 9780824727536
082 ## - DEWEY DECIMAL CLASSIFICATION NUMBER
Classification number 333.793231
090 ## - LOCALLY ASSIGNED LC-TYPE CALL NUMBER (OCLC); LOCAL CALL NUMBER (RLIN)
-- 7214
-- 7214
100 ## - MAIN ENTRY--PERSONAL NAME
Personal name Vogt, Lawrence J.
245 ## - TITLE STATEMENT
Title Electricity pricing : engineering principles and methodologies
Statement of responsibility, etc. Lawrence J.Vogt
260 ## - PUBLICATION, DISTRIBUTION, ETC.
Place of publication, distribution, etc. New York
Name of publisher, distributor, etc. CRC Press
Date of publication, distribution, etc. 2009
300 ## - PHYSICAL DESCRIPTION
Extent 676 p.
650 ## - SUBJECT ADDED ENTRY--TOPICAL TERM
Topical term or geographic name entry element Electric utilities--Prices
700 ## - ADDED ENTRY--PERSONAL NAME
Personal name Lawrence J.Vogt
942 ## - ADDED ENTRY ELEMENTS (KOHA)
Koha item type Book
Call number prefix 333.793231 VOG
Holdings
Withdrawn status Lost status Damaged status Not for loan Collection code Permanent Location Current Location Shelving location Date acquired Source of acquisition Cost, normal purchase price Total Checkouts Full call number Barcode Date last seen Price effective from Koha item type
          Central Library (CL) Central Library (CL) General Stacks 07/13/2012 A&J DEF TEK Consultants 10050.00   333.793231 VOG SEECS011441 11/14/2012 01/05/2017 Book
© 2023 Central Library, National University of Sciences and Technology. All Rights Reserved.